Southville International School and Colleges
Your cart is empty.
  • Cart
  • Lists
    Public lists Eva Luna New books Lux_list list_1
    Your lists Log in to create your own lists
  • Log in to your account
  • Your cookies
  • Search history
Southville International School and Colleges
  • Advanced search
  • Recent comments
  • Most popular
  • Libraries

Log in to your account

Log in with GOOGLE


If you do not have an external account, but do have a local account, you can still log in:

  1. Home
  2. MARC view: Who is sad? /
Normal view MARC view ISBD view

Who is sad? / (Record no. 103097)

[ view plain ]
MARC details
000 -LEADER
fixed length control field 00534nam a2200181 a 4500
005 - DATE AND TIME OF LATEST TRANSACTION
control field 20140412111250.0
008 - FIXED-LENGTH DATA ELEMENTS--GENERAL INFORMATION
fixed length control field 010320s19uu xx 00 eng d
020 ## - INTERNATIONAL STANDARD BOOK NUMBER
International Standard Book Number 971-08-3544-0
050 ## - LIBRARY OF CONGRESS CALL NUMBER
Classification number TR(PS E
Item number Wh62 1983
100 ## - MAIN ENTRY--PERSONAL NAME
Personal name Granowsky, Dr. Alvin
245 ## - TITLE STATEMENT
Title Who is sad? /
Statement of responsibility, etc by Dr. Alvin Granoswky ; illustrated by Kevin Kramer.
260 ## - PUBLICATION, DISTRIBUTION, ETC. (IMPRINT)
Place of publication, distribution, etc Cleveland :
Name of publisher, distributor, etc Modern Curriculum Press,
Date of publication, distribution, etc 1983.
300 ## - PHYSICAL DESCRIPTION
Extent 8 p. ; ill.
440 ## - SERIES STATEMENT/ADDED ENTRY--TITLE
Title Polo and Cuddles
650 ## - SUBJECT ADDED ENTRY--TOPICAL TERM
Topical term or geographic name as entry element Dogs - Stories
650 ## - SUBJECT ADDED ENTRY--TOPICAL TERM
Topical term or geographic name as entry element Loving - Fiction
Holdings
Withdrawn status Lost status Damaged status Use restrictions Home library Current library Shelving location Date acquired Source of acquisition Total Checkouts Full call number Barcode Date last seen Price effective from Koha item type
        Elizalde Library Elizalde Library Teachers Reference Section 03/20/2001     TR(PS E Wh62 1983 E3864 04/12/2014 04/12/2014 Books

Who is sad? /

APA

Granowsky D. A., . (1983). Who is sad?. Cleveland: Modern Curriculum Press.

Chicago

Granowsky Dr Alvin, . 1983. Who is sad?. Cleveland: Modern Curriculum Press.

Harvard

Granowsky D. A., . (1983). Who is sad?. Cleveland: Modern Curriculum Press.

MLA

Granowsky Dr Alvin, . Who is sad?. Cleveland: Modern Curriculum Press. 1983.

  • Place hold
  • Print
  • Cite
  • Add to your cart (remove)
  • Save record
    BIBTEX Dublin Core MARCXML MARC (non-Unicode/MARC-8) MARC (Unicode/UTF-8) MARC (Unicode/UTF-8, Standard) MODS (XML) RIS
  • More searches
    Search for this title in:
    Other Libraries (WorldCat) Other Databases (Google Scholar) Online Stores (Bookfinder.com) Open Library (openlibrary.org)

Exporting to Dublin Core...

SOUTHVILLE LIBRARY

Southville International School and Colleges Library

1281 Tropical Ave. Cor. Luxembourg St., BF Homes International, Las Pinas City

Tel. No. 8256374 / 252358 Loc. 117/146

Powered by Koha